Movies that Start with the letter D - Statistics

General Stats
  • This quiz has been taken 66 times
  • The average score is 5 of 20
Answer Stats
Description Movie % Correct
An undercover cop and a mole in the police attempt to identify each other while infiltrating an Irish gang Departed,the
64%
Witty mercenary gets experimented on and becomes immortal Deadpool
51%
Vampire Count bends a naive real estate agent to his will Dracula
51%
Blind man harnesses enhanced senses to fight crime Daredevil
45%
On a journey of physical and spiritual healing, a brilliant neurosurgeon is drawn into the world of the mystic arts Doctor Strange
45%
Electrician diagnosed with AIDS bypasses system to secure medication for fellow patients Dallas Buyers Club
42%
Physician can talk to animals Dolittle
38%
Churchill must decide whether to negotiate with Hitler or risk the British Empire's demise Darkest hour
32%
Group of friends' lives unravel as they face the harrowing realities of Vietnam war Deer hunter,the
32%
Explosion of an offshore drilling rig caused the worst oil spill in American history Deepwater Horizon
26%
Searching for a cure for Alzheimer's, a group of scientists become the prey of intelligent sharks Deep Blue Sea
23%
Talented lawyer is drawn into temptation and corruption when he joins a high-stakes legal firm Devil's advocate,the
15%
Unravels Hitler's final days in the bunker Downfall
15%
Alluring housewife seduces insurance agent into a scheme of fraud and murder Double indemnity
13%
Trio of thieves break into the house of a blind man who isn't as helpless as he seems Don't Breathe
9%
Man realizes his wife's death might have a connection with a deceased ventriloquist and her dummy Dead Silence
4%
Two girls agree to go after one another's bullies Do Revenge
4%
Fleeing a murder, an accountant meets a mysterious Native American who guides him to spirituality Dead man
2%
Former tennis star arranges the murder of his adulterous wife Dial M for murder
2%
ATF agent discovers a groundbreaking surveillance technology to prevent terrorist attack Deja Vu
0%
No matching quizzes found
Score Distribution
Percent of People with Each Score
Percentile by Number Answered
Your Score History
You have not taken this quiz